Derecho de sucesiones, comn︢ y foral /

Detalles Bibliográficos
Autor principal: Rivas Martn̕ez, Juan Još
Formato: Libro
Lenguaje:español
Publicado: Madrid : Dykinson, 2009.
Edición:4® ed.
Materias:
Acceso en línea:Acceso restringido. Tomo I
Acceso restringido. Tomo II
Acceso restringido. Tomo III

MARC

LEADER 00000nam a2200000 i 4500
005 20110711140445.0
008 090417s2009 sp || 000 0 spa d
020 |a 9788498494242 (O.C.) 
020 |a 9788498494259 (T.I) 
020 |a 9788498494266 (T.II) 
020 |a 9788498494273 (T.III) 
035 |a 5601 (T.I) 
035 |a 5602 (T.II) 
035 |a 5603 (T.III) 
040 |a BUS  |d vLex 
080 |a 347.65/.68(460) 
090 |c 2206  |d 2206 
100 1 |a Rivas Martn̕ez, Juan Još 
245 1 0 |a Derecho de sucesiones, comn︢ y foral /  |c Juan Jos ̌Rivas Martn̕ez.  |h [Recurso electrn̤ico] 
250 |a 4® ed. 
256 |a Servicio en ln̕ea. 
260 |a Madrid :  |b Dykinson,  |c 2009. 
300 |a  3 v. ;  |c 25 cm. 
650 0 7 |a Derecho foral  |2 Tesauro vLex 
650 0 7 |2 Tesauro vLex  |a Derecho sucesorio 
740 0 |a vLex Libros (Servicio en ln̕ea) 
856 4 0 |u http://vlex.com/source/derecho-sucesiones-comun-foral-tomo-i-5601  |z Acceso restringido. Tomo I 
856 4 0 |u http://vlex.com/source/derecho-sucesiones-comun-foral-tomo-ii-5602  |z Acceso restringido. Tomo II 
856 4 0 |u http://vlex.com/source/derecho-sucesiones-comun-foral-tomo-iii-5603  |z Acceso restringido. Tomo III 
942 |c BOOK